000
00301nam a22001337a 4500
008
170511b xxu||||| |||| 00| 0 eng d
020
_a
9781599411958
041
_a
eng
080
_2
3 E D
_a
34
100
_a
15
101
_a
SHJ
245
_a
ACADEMIC LEGAL WRITING
_c
VOLOKH.E
942
_2
udc
_c
BK
999
_c
13155
_d
13155